Variabilní a fixní náklady a výrobková analýza

Členenie nákladov na variabilné a fixné - podľa ich závislosti na zmenách objemu výroby. Väzba na kalkulovanie ceny výrobku. Väzba na výrobkovú analýzu. Hlavné prvky manažérskeho účtovníctva. Praktické uplatnenie výrobkovej analýzy.

Guardado en:
Detalles Bibliográficos
Autor principal: Šiman, Josef
Formato: Capítulo de libro
Lenguaje:checo
Materias:
Etiquetas: Agregar Etiqueta
Sin Etiquetas, Sea el primero en etiquetar este registro!

MARC

LEADER 00000naa a2200000 4500
001 r033334
005 20230913084241.8
041 0 |a cze 
044 |a CZ 
245 1 0 |a Variabilní a fixní náklady a výrobková analýza  |c Josef Šiman 
520 |a Členenie nákladov na variabilné a fixné - podľa ich závislosti na zmenách objemu výroby. Väzba na kalkulovanie ceny výrobku. Väzba na výrobkovú analýzu. Hlavné prvky manažérskeho účtovníctva. Praktické uplatnenie výrobkovej analýzy. 
610 2 0 |a náklady fixné 
610 2 0 |a náklady variabilné 
610 2 0 |a objem výroby 
610 2 0 |a rozhodovanie manažérske 
610 2 0 |a kalkulácia cenová 
610 2 0 |a výrobky 
610 2 0 |a analýzy 
610 2 0 |a účtovníctvo manažérske 
100 1 |a Šiman, Josef